| 000 | 01222cam a2200337 a 4500 | ||
|---|---|---|---|
| 001 | 14118407 | ||
| 003 | OSt | ||
| 005 | 20210916115549.0 | ||
| 008 | 050923s2007 maua 001 0 eng | ||
| 010 | _a 2005027987 | ||
| 020 | _a9780073051925 (acidfree paper) | ||
| 035 | _a(OCoLC)ocm61704797 | ||
| 038 | _akhadija | ||
| 040 |
_aDLC _cDLC _dYDX _dDLC |
||
| 050 | 0 | 0 |
_aQA303.2 _b.H64 2007b |
| 082 | 0 | 0 |
_a515 _222 _bHOF |
| 100 | 1 |
_aHoffmann, Laurence D., _d1943- _982491 |
|
| 245 | 1 | 0 | _aApplied Calculus for Business, Economics, and the Social and Life Sciences / |
| 246 | 3 | 0 | _aApplied Calculus |
| 250 |
_aExpanded 9th ed. / _bLaurence D. Hoffmann, Gerald L. Bradley. |
||
| 260 |
_aBoston : _bMcGraw-Hill Higher Education, _cc2007. |
||
| 300 |
_axxxii, 1011 p.: _bcol. ill. ; _c27 cm. |
||
| 500 | _aIncludes index. | ||
| 563 | _ahardcover | ||
| 650 | 0 |
_aCalculus _vTextbooks. _94507 |
|
| 700 | 1 |
_aBradley, Gerald L., _d1940- _982492 |
|
| 856 | 4 | 1 |
_3Table of contents _uhttp://www.loc.gov/catdir/toc/ecip0519/2005027987.html |
| 906 |
_a7 _bcbc _corignew _d1 _eecip _f20 _gy-gencatlg |
||
| 942 |
_2ddc _cBK |
||
| 999 |
_c32089 _d32089 |
||